Statystyki dla Górnik Zabrze, jesień 2019/2020

Kliknij tutaj aby rozwiązać quiz!

Ogólne statystyki

  • Ten quiz został rozwiązany 123 razy
    (115 od ostatniego zresetowania)
  • Średni wynik to 14 z 28

Statystyki odpowiedzi

PozycjaImię i Nazwisko% Poprawnych
NapastnikIgor Angulo
94%
BramkarzTomasz Loska
87%
BramkarzMartin Chudy
82%
PomocnikJesus Jimenez
78%
ObrońcaPrzemysław Wiśniewski
77%
ObrońcaPaweł Bochniewicz
74%
PomocnikAlasana Manneh
65%
ObrońcaErik Janża
65%
PomocnikŁukasz Wolsztyński
65%
PomocnikSzymon Matuszek
63%
ObrońcaMichał Koj
55%
ObrońcaBoris Sekulić
53%
ObrońcaAdrian Gryszkiewicz
52%
BramkarzDawid Kudła
48%
NapastnikKamil Zapolnik
45%
NapastnikPiotr Krawczyk
42%
PomocnikMateusz Matras
40%
PomocnikDaniel Ściślak
35%
PomocnikDavid Kopacz
35%
PomocnikIshmael Baidoo
35%
ObrońcaAdam Orn Arnarson
33%
PomocnikFilip Bainović
32%
PomocnikMaciej Ambrosiewicz
32%
ObrońcaAleksander Paluszek
31%
PomocnikKrzysztof Kubica
22%
PomocnikMichał Rostkowski
19%
ObrońcaBartłomiej Eizenchart
16%
ObrońcaDariusz Pawłowski
11%

Rozkład punktacji

Percentyl według liczby udzielonych odpowiedzi

Procent ludzi z każdym wynikiem

Twoja historia wyników

Nie rozwiązałeś tego quizu od ostatniego zresetowania